00476 2200193 4500001002100000005001500021035002000036008004100056245004700097100001900144250000600163260004200169300001100211084001400222082000800236650001400244990001200258990001200270INLIS00000000000032220240503081329 a0010-0424000298240503 0 ind 1 aMenjahit Itu Mengasyikkan /cMarta Yuliani aYuliani, Marta a1 aMataram :bCaraka Darma Aksara,c2015 a52 hlm a600 MAR m a600 4aNon Fiksi a0728753 a0728754